00520nam a2200085Ia 4500008004100000245005300041300023700094650002800331856007500359170517s9999 xx 000 0 und d 4aThe Treason Trilogy: Capitalism, Terror and Doom aCasino Capitalism. The moment that defined the chaos of the 21st century is the financial atomic bomb that exploded in the heart of the world's banking system, sucking up the lifeblood of the global economy, the credit that keeps... xBusiness and Economics. uhttp://topdocumentaryfilms.com/treason-trilogy-capitalism-terror-doom/